000 00356nam a2200157Ia 4500
005 20240807062640.0
008 240806s9999||||xx |||||||||||||| ||eng||
041 _aeng
082 _a891.433
_bSIND
100 _aKhushwant Singh
245 0 _aDelhi /
_cKhushwant Singh
260 _bKitab Ghar
300 _a0
650 _aGeneral Studies
942 _cBK
999 _c25310
_d25310